Jリーグのクラブに含まれる地名 - Statistics

General Stats
  • This quiz has been taken 288 times
  • The average score is 51 of 60
Answer Stats
クラブ % Correct
ガンバ{大阪}
99%
セレッソ{大阪}
99%
{横浜}F・マリノス
99%
FC{大阪}
99%
{横浜}FC
99%
サンフレッチェ{広島}
98%
ヴィッセル{神戸}
98%
{浦和}レッズ
98%
アルビレックス{新潟}
97%
アビスパ{福岡}
96%
ベガルタ{仙台}
96%
{北海道}コンサドーレ{札幌}
96%
{名古屋}グランパス
96%
{東京}ヴェルディ
96%
{鹿島}アントラーズ
96%
FC{東京}
96%
{京都}サンガF.C.
96%
{大分}トリニータ
95%
{川崎}フロンターレ
95%
{柏}レイソル
95%
ジェフユナイテッド{千葉}
94%
ジュビロ{磐田}
94%
サガン{鳥栖}
93%
ヴァンフォーレ{甲府}
91%
{水戸}ホーリーホック
91%
{清水}エスパルス
91%
RB{大宮}アルディージャ
91%
モンテディオ{山形}
90%
ロアッソ{熊本}
90%
ファジアーノ{岡山}
89%
{湘南}ベルマーレ
89%
FC{町田}ゼルビア
89%
{松本}山雅FC
89%
V・ファーレン{長崎}
89%
{徳島}ヴォルティス
88%
ツエーゲン{金沢}
86%
ブラウブリッツ{秋田}
86%
カターレ{富山}
85%
レノファ{山口}FC
85%
{鹿児島}ユナイテッドFC
83%
ガイナーレ{鳥取}
82%
ザスパ{群馬}
81%
テゲバジャーロ{宮崎}
81%
{高知}ユナイテッドSC
78%
AC{長野}パルセイロ
77%
{栃木}シティ
76%
{福島}ユナイテッドFC
76%
{栃木}SC
76%
{奈良}クラブ
75%
FC{岐阜}
75%
ギラヴァンツ{北九州}
73%
{愛媛}FC
73%
カマタマーレ{讃岐}
69%
アスルクラロ{沼津}
65%
{いわき}FC
64%
SC{相模原}
62%
ヴァンラーレ{八戸}
60%
{藤枝}MYFC
60%
FC{琉球}
50%
FC{今治}
42%
No matching quizzes found
Score Distribution
Percent of People with Each Score
Percentile by Number Answered
Your Score History
You have not taken this quiz